000 00498nam a22001697a 4500
005 20250609122252.0
008 250609b |||||||| |||| 00| 0 eng d
020 _a978-0-7506-6075-4
050 _aQA 76.76. D47 Z44 2005
_b1
100 _aZHU, HONG
245 _aSOFTWARE DESIGN METHODOLOGY
260 _aAMSTERDAM
_bELSEIVER BUTTERWORTH HEINEMAN
_c2005
300 _aVIII,340P
500 _aINCLUDES BIBLIOGRAPHICAL REFERENCES AND INDEX
650 _aSOFTWARE DESIGN
942 _2lcc
_cBK
999 _c215629
_d215629